|
|
|
|
| LEADER |
04444nam a22003973i 4500 |
| 001 |
EBC6956386 |
| 003 |
MiAaPQ |
| 005 |
20231204023223.0 |
| 006 |
m o d | |
| 007 |
cr cnu|||||||| |
| 008 |
231204s2022 xx o ||||0 ger d |
| 020 |
|
|
|a 9783839459324
|q (electronic bk.)
|
| 020 |
|
|
|z 9783837659320
|
| 035 |
|
|
|a (MiAaPQ)EBC6956386
|
| 035 |
|
|
|a (Au-PeEL)EBL6956386
|
| 035 |
|
|
|a (OCoLC)1294425074
|
| 040 |
|
|
|a MiAaPQ
|b eng
|e rda
|e pn
|c MiAaPQ
|d MiAaPQ
|
| 100 |
1 |
|
|a Höttemann, Michael.
|
| 245 |
1 |
0 |
|a Verdrängter Antisemitismus :
|b Eine empirisch fundierte Entwicklung des Begriffs der Abwehr als soziale Handlung.
|
| 250 |
|
|
|a 1st ed.
|
| 264 |
|
1 |
|a Bielefeld :
|b transcript,
|c 2022.
|
| 264 |
|
4 |
|c {copy}2022.
|
| 300 |
|
|
|a 1 online resource (325 pages)
|
| 336 |
|
|
|a text
|b txt
|2 rdacontent
|
| 337 |
|
|
|a computer
|b c
|2 rdamedia
|
| 338 |
|
|
|a online resource
|b cr
|2 rdacarrier
|
| 490 |
1 |
|
|a Kulturen der Gesellschaft
|
| 505 |
0 |
|
|a Cover -- Inhalt -- Hinweise zur Zitation -- Danksagung -- Zum Umgang mit aktuellem Antisemitismus -- Israelbezogener Antisemitismus -- Der Begriff der Abwehr -- Forschungsstand -- Die Debatte über Günter Grass' Gedicht »Was gesagt werden muss« -- Methodik der Studie -- Aufbau der Arbeit -- Kapitel 1 - Theoretische Befunde zum Begriff der Abwehr -- 1.1. Abwehr als Konzept der Metapsychologie -- 1.2. Abwehr als Latenzkommunikation -- 1.3. Abwehr als Technik der Neutralisierung -- 1.4. Abwehr als ideologisches Syndrom -- 1.5. Abwehr als Rhetorik -- 1.6. Abwehr als Kommunikationspathologie -- 1.7. Abwehr in Familienkonstellationen -- 1.8. Diskussion der theoretischen Befunde und Zwischenfazit -- Kapitel 2 - Typen sozialer Abwehrhandlungen -- 2.1. Modifikation antisemitischer Äußerungen -- 2.2. Kommunikationsvermeidung -- 2.3. Rechtfertigung -- 2.4. Aufrechnung -- 2.5. Moralische Diskreditierung -- 2.6. Bagatellisierung -- 2.7. Leugnung -- 2.8. Externalisierung und Extremisierung von Antisemitismus -- 2.9. Sekundärer Antisemitismus -- 2.10. Zwischenfazit -- Kapitel 3 - Qualitative Methoden -- 3.1. Zur Eignung der verwendeten Methoden -- 3.2. Rekrutierungsprozess und Gruppenzusammensetzung -- 3.3. Die Methode der Gruppendiskussion und des Interviews -- 3.4. Zum Auswertungsprozess -- 3.5. Analytisches Instrumentarium -- 3.6. Zwischenfazit -- Kapitel 4 - Der Grundreiz der Untersuchung -- 4.1. Analyse des Gedichtes »Was gesagt werden muss« -- 4.2. Analyse des ZDF-Berichts zur Grass-Debatte -- 4.3. Zwischenfazit -- Kapitel 5 - Beobachtete Abwehrhandlungen -- 5.1. Offensive Abwehr in der Rezeption des ZDF-Berichts -- 5.2. Defensive Abwehr -- 5.3. Das Sprechen über Israel als rechtfertigende Argumentation -- 5.4. Abwehr im Kontext antisemitischer Äußerungen -- 5.5. Die Dethematisierung von beobachtetem Antisemitismus.
|
| 505 |
8 |
|
|a 5.6. Abwehr im Umgang mit einer nazistischen Äußerung -- 5.7. Vage Verweise auf die Shoah als Abwehrhandlungen -- 5.8. Extremisierung und Bagatellisierung von Antisemitismus -- 5.9. Externalisierungen von Antisemitismus -- 5.10. Erklärungen von Antisemitismus -- 5.11. Anti-Antisemitische Interventionen -- 5.12. Diskussion und Zwischenfazit -- Kapitel 6 - Identifikationsweisen mit Günter Grass und Motive der Abwehr -- 6.1. Kontext nationalistische Argumentation -- 6.2. Kontext Sympathie für den Nationalsozialismus -- 6.3. Kontext Konfliktvermeidung und Dialogorientierung -- 6.4. Kontext politische Desorientierung -- 6.5. Zwischenfazit -- Kapitel 7 - Fazit der Arbeit -- 7.1. Fazit der Theoriebildung -- 7.2. Fazit der empirischen Untersuchung -- 7.3. Grenzen und Geltungsreichweite der Ergebnisse -- 7.4. Empirische, theoretische und praktische Anschlussfragen -- 7.5. Schluss -- Literaturverzeichnis -- Grundreiz der Untersuchung -- Internet und soziale Medien -- Sekundärliteratur.
|
| 588 |
|
|
|a Description based on publisher supplied metadata and other sources.
|
| 590 |
|
|
|a Electronic reproduction. Ann Arbor, Michigan : ProQuest Ebook Central, 2023. Available via World Wide Web. Access may be limited to ProQuest Ebook Central affiliated libraries.
|
| 655 |
|
4 |
|a Electronic books.
|
| 776 |
0 |
8 |
|i Print version:
|a Höttemann, Michael
|t Verdrängter Antisemitismus
|d Bielefeld : transcript,c2022
|z 9783837659320
|
| 797 |
2 |
|
|a ProQuest (Firm)
|
| 830 |
|
0 |
|a Kulturen der Gesellschaft
|
| 856 |
4 |
0 |
|u https://ebookcentral.proquest.com/lib/matrademy/detail.action?docID=6956386
|z Click to View
|